Rosa, mi hermana Rosa / (Registro nro. 11650)

Detalles MARC
000 -LIDER
fixed length control field 01233nam a22003855b 4500
001 - NÚMERO DE CONTROL
Identificador de número de control 004125
003 - IDENTIFICACDOR DE NÚMERO DE CONTROL
control field DO-SdBNP
005 - DATE AND TIME OF LATEST TRANSACTION
control field 20180130094931.0
007 - CAMPOS FIJOS DE DESCRIPCIÓN FÍSICA
fixed length control field 004125
008 - ELEMENTOS DE LONGITUD FIJA
fixed length control field 940906r1993 sp | |||| ||spa
016 7# - NO. DE CONTROL DE LA AGENCIA BIB. NACIONAL
Record control number
Source BPMSU
017 ## - NÚMERO DE REGISTRO DE DERECHOS DE AUTOR
Copyright or legal deposit number
Assigning agency
020 ## - ISBN
International Standard Book Number 8434823624
035 ## - NÚMERO LOCAL
System control number
040 ## - FUENTE DE CATALOGACIÓN
Agencia que crea de manera original el registro BPMSU
Idioma de catalogación spa
Agencia que realiza la transcripción BPMSU
Convenciones de la despripción
041 1# - CÓDIGOS DE OBRAS TRADUCIDAS O EN VARIOS IDIOMAS
Código del idioma del texto/archivo de sonido o separata spa
Cód. del idioma original y/o traducciones intermedias del texto
080 #0 - NÚMERO DE CLASIFICACIÓN DECIMAL UNIVERSAL
Universal Decimal Classification number
082 ## - NÚMERO DE CLASIFICACIÓN DECIMAL DE DEWEY
Classification number 869.3
Item number V665r 1993
100 1# - ASIENTO PRINCIPAL -- NOMBRE PERSONAL
Nombre personal Vieira, Alice
Fechas asociadas con el nombre 1943-
240 10 - TITULO UNIFORME
Título uniforme Rosa, minha irmà Rosa
Idioma de una obra Español
245 1# - MENCIÓN DE TITULO
Título Rosa, mi hermana Rosa /
Mención de responsabilidad Alice Vieira ; traducción del portugués, Maribel López Habela y José Antonio Barruso Ovejero ; ilustraciones, Javier Vázquez
Medio (Designación general de material)
250 ## - MENCIÓN DE EDICION
Mención de edición 5ª ed.
260 ## - PUBLICACIÓN, DISTRIBUCIÓN, ETC. (PIE DE IMPRENTA)
Lugar de publicación, distribución, etc Madrid :
Nombre del editor, distribuidor, etc. Ediciones SM,
Fecha de publicación, distribución, etc 1993
300 ## - DESCRIPCIÓN FÍSICA
Extensión 114 p. :
Otros detalles físicos il.;
Dimensiones 20 cm
490 ## - MENCIÓN DE SERIES
Mención de serie El barco de vapor.;
-- Serie roja,
Volume/sequential designation 44
650 ## - ENCABEZAMIENTO DE MATERIA--TEMÁTICO
Término temático o nombre geográfico como elemento de entrada CUENTOS INFANTILES PORTUGUESES
651 ## - ENCABEZAMIENTO DE MATERIA--NOMBRE GEOGRÁFICO
Nombre geográfico PORTUGAL
Subdivisión de forma CUENTOS INFANTILES
Subdivisión temática general HISTORIA
700 1# - ASIENTO SECUNDARIO -- NOMBRE PERSONAL
Nombre personal López Habela, Maribel
700 1# - ASIENTO SECUNDARIO -- NOMBRE PERSONAL
Nombre personal Barruso Ovejero, José Antonio
700 1# - ASIENTO SECUNDARIO -- NOMBRE PERSONAL
Nombre personal Vázquez, Javier
Fechas asociadas con el nombre 1959-
830 ## - ASIENTO SECUNDARIO DE SERIE--TÍTULO UNIFORME
Título uniforme El barco de vapor.;
Nombre de la parte o sección de una obra Serie roja,
Volume number/sequential designation 44
942 ## - ADDED ENTRY ELEMENTS (KOHA)
Source of classification or shelving scheme Dewey Decimal Classification
Koha item type Libros
945 ## - INFORMACIÓN DE PROCESAMIENTO LOCAL
Información de procesamiento local Inventariado, 2018 / BT
956 ## - LOCAL ELECTRONIC LOCATION AND ACCESS (OCLC)
Nombre de host VMATEO
Número de acceso 10
Información de compresión 20161021
Trayectoria BPMSU
Nombre Electrónico 0069
Método de acceso
Materiales especificados
Existencias
Withdrawn status Lost status Source of classification or shelving scheme Damaged status Not for loan Collection code Home library Current library Date acquired Source of acquisition Total Checkouts Full call number Barcode Date last seen Price effective from Koha item type
    Dewey Decimal Classification     Colección Juvenil General Biblioteca Pública Metropolitana Salomé Ureña Biblioteca Pública Metropolitana Salomé Ureña 10/21/2016 Donación   869.3 V665r 1993 BPMSU16100326 10/21/2016 10/21/2016 Libros